<?xml version="1.0" encoding="UTF-8"?>
<record
    xmlns:xsi="http://www.w3.org/2001/XMLSchema-instance"
    xsi:schemaLocation="http://www.loc.gov/MARC21/slim http://www.loc.gov/standards/marcxml/schema/MARC21slim.xsd"
    xmlns="http://www.loc.gov/MARC21/slim">

  <leader>01798    a2200253   4500</leader>
  <controlfield tag="001">261</controlfield>
  <controlfield tag="005">20260407155417.0</controlfield>
  <controlfield tag="008">260407a1993    arg                 spa d</controlfield>
  <controlfield tag="003">AR-UNSa-BCEJYS</controlfield>
  <datafield tag="040" ind1=" " ind2=" ">
    <subfield code="a">AR-UNSa-BCEJYS</subfield>
    <subfield code="b">spa</subfield>
    <subfield code="c">AR-UNSa-BCEJYS</subfield>
  </datafield>
  <datafield tag="080" ind1=" " ind2=" ">
    <subfield code="a">004.41</subfield>
    <subfield code="x">Ingenieria de software</subfield>
  </datafield>
  <datafield tag="245" ind1="1" ind2="0">
    <subfield code="a">An&#xE1;lisis estructurado moderno</subfield>
  </datafield>
  <datafield tag="020" ind1=" " ind2=" ">
    <subfield code="a">978-968-880-303-5</subfield>
  </datafield>
  <datafield tag="264" ind1=" " ind2="1">
    <subfield code="a">M&#xE9;xico :</subfield>
    <subfield code="b">Prentice-Hall</subfield>
    <subfield code="c">1993</subfield>
  </datafield>
  <datafield tag="300" ind1=" " ind2=" ">
    <subfield code="a">x, 735 p.</subfield>
    <subfield code="c">23 cm</subfield>
  </datafield>
  <datafield tag="505" ind1=" " ind2=" ">
    <subfield code="a">1. Introducci&#xF3;n - 2. La naturaleza de los sistemas - 3. Los participantes en el juego de los sistemas - 4. Herramientas del an&#xE1;lisis estructurado - 5. El ciclo de vida del proyecto - 6. Aspectos importantes en el desarrollo de sistemas - 7. Cambios en el an&#xE1;lisis de sistemas - 8. Caracter&#xED;sticas de las herramientas de modelado - 9. Diagramas de flujo de datos - 10. El diccionario de datos - 11. Especificaciones de proceso - 12. Diagramas de entidad-relaci&#xF3;n - 13. Diagramas de transici&#xF3;n de estados - 14. Balanceo de modelos - 15. Herramientas adicionales de modelado - 16. Herramientas de modelado para administraci&#xF3;n de proyectos - 17. El modelo esencial - 18. El modelo ambiental - 19. Construcci&#xF3;n de un modelo preliminar de comportamiento - 20. Terminado del modelo de comportamiento - 21. El modelo de implantaci&#xF3;n del usuario - 22. Pasando al dise&#xF1;o - 23. Programaci&#xF3;n y prueba - 24. Mantenimiento de la especificaci&#xF3;n - 25. El futuro del an&#xE1;lisis estructurado </subfield>
  </datafield>
  <datafield tag="041" ind1=" " ind2=" ">
    <subfield code="a">spa</subfield>
  </datafield>
  <datafield tag="942" ind1=" " ind2=" ">
    <subfield code="c">BK</subfield>
  </datafield>
  <datafield tag="590" ind1=" " ind2=" ">
    <subfield code="a">niveau_biblio:m niveau_hierar:0</subfield>
  </datafield>
  <datafield tag="100" ind1="1" ind2=" ">
    <subfield code="a">Yourdon, Edward</subfield>
  </datafield>
  <datafield tag="700" ind1="1" ind2=" ">
    <subfield code="a">Taylor Armitage, Alexandra</subfield>
  </datafield>
  <datafield tag="700" ind1="1" ind2=" ">
    <subfield code="a">Levine Guti&#xE9;rrez, Guillermo</subfield>
  </datafield>
  <datafield tag="856" ind1="4" ind2="1">
    <subfield code="u">https://biblioeco.unsa.edu.ar/pmb/images/libros/An?lisis estructurado moderno  Yourdon, Edward (1993).jpg</subfield>
    <subfield code="y">Imagen de portada</subfield>
    <subfield code="q">image/jpeg</subfield>
  </datafield>
  <datafield tag="999" ind1=" " ind2=" ">
    <subfield code="c">173</subfield>
    <subfield code="d">173</subfield>
  </datafield>
  <datafield tag="952" ind1=" " ind2=" ">
    <subfield code="0">0</subfield>
    <subfield code="1">0</subfield>
    <subfield code="4">0</subfield>
    <subfield code="7">0</subfield>
    <subfield code="a">BCEJYS</subfield>
    <subfield code="b">BCEJYS</subfield>
    <subfield code="c">16</subfield>
    <subfield code="d">2026-04-07</subfield>
    <subfield code="l">0</subfield>
    <subfield code="o">004.41 Y81</subfield>
    <subfield code="p">L117754</subfield>
    <subfield code="r">2026-04-07 15:54:17</subfield>
    <subfield code="w">2026-04-07</subfield>
    <subfield code="y">L</subfield>
  </datafield>
</record>
